| 000 | 00927cam a22002895a 4500 | ||
|---|---|---|---|
| 001 | 18161463 | ||
| 005 | 20150528112725.0 | ||
| 008 | 140523t2015 nyua fr 001 0 eng d | ||
| 020 | _a9780071837545 | ||
| 020 | _a007183754X | ||
| 020 | _a9780071837552 | ||
| 020 | _a0071837558 | ||
| 040 |
_aDLC _beng _cDLC _dEG-ScBUE |
||
| 082 | 0 | 4 |
_a658.45 _bMAL _222 |
| 100 | 1 |
_aMalandro, Loretta A. _938100 |
|
| 245 | 1 | 0 |
_aSpeak up, show up, and stand out : _bthe 9 communication rules you need to succeed / _cLoretta Malandro. |
| 260 |
_aNew York : _bMcGraw-Hill Education, _cc.2015. |
||
| 300 |
_axx, 264 p. : _bill. ; _c24 cm. |
||
| 500 | _aIndex : p. 257-264. | ||
| 650 | 0 |
_aCommunication in management. _2BUEsh |
|
| 650 | 0 |
_aInterpersonal communication. _2BUEsh |
|
| 650 | 0 |
_aBusiness communication. _2BUEsh |
|
| 651 | _2BUEsh | ||
| 653 |
_bGGEN _bBUSADM _cMay2015 |
||
| 655 |
_vreading book _934232 |
||
| 942 |
_2ddc _k658.45 MAL |
||
| 999 |
_c19436 _d19408 |
||